00845nas a2200229Ia 4500001001100000003000900011008004100020040001300061040001300074041001300087100004400100210004100144222004100185245011400226250001100340260002800351501008600379300000900465362002900474500005600503650005600559R232/45489IT-RoPAU151124c99999999xx |||||||||||| ||und|| aIT-RoPAU cIT-RoPAU aITALIANO aGentili CarlogCodice Aut. SPICS: 4643 aDIAFRAMMA (IL) - FOTOGRAFIA ITALIANA aDiaframma (Il) - Fotografia Italiana aDIAFRAMMA (IL)-FOTOGRAFIA ITALIANA, N.248 (FEBB./MARZO 1980)bGiovanni Tavano: I Segni Del Vissuto Quotidiano a1a ed. aMILANObEDITPHOTOc1980 bPaulus - SPICS - Società San Paolo EM (non-commercial uses only)cCopyright2015 a6 p. aN.248 (FEBB./MARZO 1980) aImmagini di un Micro Universo Ridotto a Pura Forma. aCOMUNICAZIONE - FOTOGRAFIAvPUBBLICAZIONE PERIODICA